Advances in chemical engineering.

Guardado en:
Otros Autores: Drew, Thomas Bradford, 1902- (Editor , ed.)
Formato: Seriadas
Idioma:English
Publicado: New York : Academic Press, 1956-
Materias:
Etiquetas: Agregar Etiqueta
Sin Etiquetas, Sea el primero en etiquetar este registro!
LEADER 01232cas a22002895a 4500
001 EIQ.libpla001620
008 750720u1956uuuunyu#x#########0###a0eng#d
005 20061117190213.0
210 0 |a Adv. chem. eng. 
222 0 |a Advances in chemical engineering 
245 0 0 |a Advances in chemical engineering. 
260 |a New York :  |b Academic Press,  |c 1956- 
300 |a v. :  |b il., diagrs., tablas ;  |c 24 cm. 
362 0 |a v. 1- 
500 |a Editores: v. 1- T.B. Drew, J.W. Hoopes, and others. 
022 0 |a 0065-2377 
700 1 |a Drew, Thomas Bradford,  |d 1902-  |e ed.  |4 edt 
082 |a 660.28 
650 0 |a Chemical engineering. 
010 |a  56006600   |z  56006800  
040 |a MnMULS  |c MnMULS  |d NAlULS  |d MH  |d NSDP  |d DLC  |d OCoLC  |d OCoLC  |d DLC  |d AIP  |d NSDP  |d NST  |d NSDP  |d NST  |d MH  |d OCoLC  |d AR-BbSID 
859 |a AR-BbSID  |b BIB. PLAPIQUI  |h 660.28  |i Ad 95  |p 4479  |v Vol. 23  |3 Vol. 23 
859 |a AR-BbSID  |b BIB. PLAPIQUI  |h 660.28  |i Ad 95  |p 948  |v Vol. 5  |3 Vol. 5 
859 |a AR-BbSID  |b BIB. PLAPIQUI  |h 660.28  |i Ad 95  |p 1428  |v Vol. 6  |3 Vol. 6 
859 |a AR-BbSID  |b BIB. PLAPIQUI  |h 660.28  |i Ad 95  |p 1429  |v Vol. 7  |3 Vol. 7 
859 |a AR-BbSID  |b BIB. PLAPIQUI  |h 660.28  |i Ad 95  |p 1430  |v Vol. 8  |3 Vol. 8 
859 |a AR-BbSID  |b BIB. PLAPIQUI  |h 660.28  |i Ad 95  |p 1431  |v Vol. 9  |3 Vol. 9